A History of English Literature
Đã lưu trong:
| Tác giả chính: | |
|---|---|
| Định dạng: | Sách |
| Ngôn ngữ: | Undetermined |
| Được phát hành: |
New York, Estados Unidos
The Macmillan Company
1945
|
| Những chủ đề: | |
| Các nhãn: |
Thêm thẻ
Không có thẻ, Là người đầu tiên thẻ bản ghi này!
|
MARC
| LEADER | 00000nam a2200000Ia 4500 | ||
|---|---|---|---|
| 008 | 170316s9999 xx 000 0 und d | ||
| 040 | |a cru BVZT | ||
| 090 | |a H-820 N-2a | ||
| 100 | |a Neilson, William Allan | ||
| 245 | 2 | |a A History of English Literature | |
| 260 | |a New York, Estados Unidos | ||
| 260 | |b The Macmillan Company | ||
| 260 | |c 1945 | ||
| 300 | |a 486 páginas | ||
| 650 | |a LITERATURA INGLESA | ||
| 650 | |a HISTORIA | ||
| 999 | |c 13600 |d 13600 | ||
| 942 | |c 15 D |h H-820 N-2a |2 z | ||
